Statistics for Alternative 1980's Song Titles

Click here to take the quiz!

General Stats

  • This quiz has been taken 85 times
  • The average score is 14 of 20

Answer Stats

HintAnswerBand/Artist% Correct
LeapJumpVan Halen
92%
Striped big cat's visual organEye of the TigerSurvivor
88%
Working hours9 to 5Dolly Parton
86%
Whisk the itemBeat ItMichael Jackson
82%
We should tangoLet's DanceDavid Bowie
82%
Relating to the body, not the mindPhysicalOlivia Newton John
81%
Additional entity consumes powdered matterAnother One Bites the DustQueen
76%
Jessica's daughterJessie's GirlRick Springfield
76%
Complete cardiac occultationTotal Eclipse of the HeartBonnie Tyler
75%
Little MichaelMickyToni Basil
68%
Double-paged poster in the middleCenterfoldJ Geils Band
67%
Eider feathers belowDown UnderMen at Work
65%
Oceanic lunar swell is at its maximumThe Tide is HighBlondie
64%
Liberated twelve inchesFootlooseKenny Loggins
61%
Possessor of a solitary circulatory organOwner of a Lonely HeartYes
61%
Confidential optic sense organsPrivate EyesHall and Oates
60%
Revelry, festivityCelebrationKool and the Gang
56%
What person is it at the moment?Who Can it be Now?Men at Work
50%
Failing to hit the person being addressedMissing YouJohn Waite
46%
Burning wagonsChariots of FireVangelis
44%

Score Distribution

Percentile by Number Answered

Percent of People with Each Score

Your Score History

You have not taken this quiz